Statistiques concernant Quiz sur le Puy-de-Dôme

Cliquez ici pour prendre le quiz!

Statistiques générales

  • Ce quiz a été pris 2 787 fois
  • Le résultat moyen est 12 sur 16

Statistiques - réponses

QuestionRéponse% Correct
Région à laquelle il appartientAuvergne-Rhône-Alpes
97%
Préfecture et plus grande villeClermont-Ferrand
96%
Numéro du département63
93%
Entreprise du département qui est le leader mondial de fabrication des pneusMichelin
93%
Dans le Puy-de-Dôme, il peut être bleu ou de Saint-NectaireFromage
92%
Le département tient son nom d'un ____ qui s'y trouveVolcan
92%
Massif montagneux dans lequel le Puy-de-Dôme se situeMassif Central
87%
Sport dans lequel l'ASM n'a remporté le championnat national qu'à deux
reprises, malgré un total de 14 finales (+3 finales européennes perdues)
Rugby
86%
Commune commençant par V, connue pour la marque d'eau éponymeVolvic
81%
Parc à thème qui a diverti et instruit 5 millions de visiteurs au sujet du
volcanisme depuis sa création par Valéry Giscard d'Estaing en 2002
Vulcania
76%
Mathématicien, physicien, philosophe et théologien qui a, entre autres,
donné son nom à l'unité SI de la pression et à la première calculatrice
Blaise Pascal
67%
Point culminant de ce massif et plus haut volcan de France MétropolitainePuy de {Sancy}
62%
Capitale des Arvernes où Vercingétorix repoussa le siège de Jules CésarGergovie
59%
Sous-préfecture qui est la capitale française de la coutellerieThiers
55%
Sous-préfecture et capitale historique de la région, quand elle était un duchéRiom
46%
Homme d'état né à Châteldon qui fut le principal décideur de la collaborationPierre Laval
36%

Distribution des résultats

Percentile par nombre de réponses

% des personnes avec chaque résultat

Votre développement - résultats

Vous n’avez pas pris ce quiz